000 01456cab a22002295a 4500
001 L149300
008 e2010 xxk 000 0 eng d
035 _a(Sirsi) u149300
041 0 _aeng
100 1 _aPeckett, Victoria
245 0 0 _aPushing the payment button
_bimpact on contractual payment provisions if LDEDC comes into force
_h[electronic resource]
260 _c2010
490 _aConstruction Journal
_vFeb-Mar 2010, 16-17(3)
520 _aThe Local Democracy, Economic Development and Construction Act (LDEDC) received Royal Assent on 12 November 2009. Most people involved in our industry will be aware of the LDEDC and the fact that, if brought into force, it will involve changes to the Housing Grants, Construction and Regeneration Act 1996 (HGCRA). The current prognosis is that LDEDC is unlikely to be introduced until March/April 2011 if at all (given an intervening general election). LDEDC makes some amendments so that a LDEDC-compliant payment regime is one where payment is triggered solely by payment notices.
590 _aKA
650 2 4 _aHOUSING GRANTS, CONSTRUCTION AND REGENERATION ACT 1996
650 2 4 _aLOCAL DEMOCRACY, ECONOMIC DEVELOPMENT AND CONSTRUCTION ACT 2009
651 4 _aUnited Kingdom
_y
690 _aBUILT ENVIRONMENT-BUILDING CONTRACT FORMS
856 4 8 _uhttps://www.rics.org/site/download_feed.aspx?fileID=5762&fileExtension=PDF
_zView this item (member-only access) at www.rics.org
942 _n0
999 _c82119
_d82119